000 00865nam0a22002651 4500
001 rc\756383
005 20250622121916.0
035 _a(NLR Aleph) 006284411
090 _a7083564
_c7083564
100 _a20040301d1985 |||y0rusy50 ca
101 0 _arus
102 _aRU
105 _ay |||||||||
200 1 _aУправление передовым опытом в промышленности
210 _aКиев
_cТехнiка
_d1985
215 _a127 с.
_d20
225 1 _aБиблиотека хозяйственника
320 _aБиблиогр.: с. 125-126 (45 назв.)
700 1 _aГорелых
_bА.Г.
_gАнатолий Гаврилович
701 1 _aГурарье
_bС.С.
_gСветлана Семеновна
801 0 _aRU
_bNLR
_gpsbo
801 1 _aRU
_bELAR
_2rusmarc
852 _aNLR
_j85-3/8121
942 _cBOOK
980 _aNB